| 000 | 00584nam a2200181 4500 | ||
|---|---|---|---|
| 001 | 139105 | ||
| 003 | ES-MaACL | ||
| 005 | 20250929063206.0 | ||
| 007 | t| | ||
| 008 | 070214n19001990sp r ||||1| spa d | ||
| 100 | 1 |
_aSarcey, François, _d1827-1899 _9103783 |
|
| 245 | 1 | 0 |
_aCrónica del sitio de París / _cFrançois Sarcey ; traducción de Francisco Lombardía. |
| 260 |
_aMadrid : _b[s.n.], _c[19__?] ( _fImp. San Francisco de Sales) |
||
| 300 |
_a325 p. ; _c23 cm. |
||
| 700 | 1 |
_aLombardía, Francisco. _973190 |
|
| 852 |
_aES-MaACL _jF-14854 |
||
| 999 |
_c139105 _d139105 |
||